000 00505nam a2200157 i 4500
001 86872
003 ES-MaACL
005 20230906175536.0
007 t|
008 041216s1943 sp ||||1| spa d
100 1 _aKlingberg, Hermann.
_968270
245 1 4 _aLas nuevas formas comerciales europeas y las transformaciones de lapolítica comercial anglosajona /
_cHermann Klingberg.
260 _aMadrid :
_bRubiños,
_c1943 (
_fDiana)
300 _a82 p. ;
_c25 cm.
852 _aES-MaACL
_j1808-F-12
_bR.21138
999 _c86872
_d86872